000 01187cam a2200337 a 4500
999 _c3217
_d3217
001 16249200
003 OSt
005 20231107140528.0
008 100524s2009 enkab 000 0 eng
010 _a 2010292556
015 _aGBA991052
_2bnb
016 7 _a015371337
_2Uk
020 _a9780521743594 (pbk.)
020 _a0521743591 (pbk.)
035 _a(OCoLC)ocn437083066
040 _aUKM
_cUKM
_dDLC
_dKH8
042 _alccopycat
082 0 4 _a428.24 COX
_222
100 1 _aCox, Marian,
_d1953-
_eauthor.
245 1 0 _aIGCSE first language English :
_pCoursebook /
_cMarian Cox.
246 3 _aFirst language English coursebook
250 _a3rd ed.
260 _aCambridge ;
_aNew York:
_bCambridge University Press,
_cc2010.
300 _aviii, 153 p. :
_bill. (some col.), maps (some col.) ;
_c28 cm.
490 0 _aCambridge international examinations
650 0 _aEnglish language
_vTextbooks for foreign speakers.
650 0 _aEnglish language
_xExaminations
_vStudy guides.
650 0 _aInternational General Certificate of Secondary Education.
710 2 _aUniversity of Cambridge.
_bLocal Examinations Syndicate.
_bInternational Examinations.
942 _2ddc
_cTR